000
00187 a2200097 4500
020
_a
1879567121
041
_a
spa
100
_a
Barbara M. Wolff
245
_a
Mi Abuelito y yo
942
_c
BK
999
_c
13619
_d
13619